000 00808nam a22002177a 4500
003 UA-OsUOA
001 84422
007 ta
008 20120601b un ||||| |||| 00| 0 ukr d
100 _aКрасовська О.
090 _a82
_bК78
942 _cSA
040 _aUA-OsUOA
_bukr
_cUA-OsUOA
_dUA-OsUOA
245 _aФормування стилістичної компетентності студентів-філологів засобами епістолярію (на матеріалі листування Лесі Українки)
300 _aС.37-40
955 _a0
041 _aukr
080 _a82
773 0 _w84421
_tУкраїнська мова і література в школі
_dК.
_d2012
_g3
650 7 _a82 Література. Літературознавство
_2UDC
999 _c370736
_d370736